000 00740nam a2200229 i 4500
001 175478
003 ES-MaACL
005 20230906215832.0
007 t|
008 101029s2005 sp r ||||1| spa d
020 _a84-87511-22-8
080 _a821.134.2-22"20"
100 1 _aGonzález Casas, Charo.
_9143396
245 1 0 _aCorazón al peso
_b: (comedia macabra) /
_cR. C. González Casas.
260 _aAlcalá de Henares (Madrid) :
_bTeatro Independiente Alcalaíno,
_cD. L. 2005.
300 _a108 p. ;
_c18 cm.
490 1 _aColección nuevos autores ;
_v23
710 2 _aTeatro Independiente Alcalaíno.
_9144180
830 0 _aColección nuevos autores ;
_v23
_9189758
852 _aES-MaACL
_j2263-F-4
999 _c175478
_d175478